| 000 | 00355nam a2200109Ia 4500 | ||
|---|---|---|---|
| 008 | 171204s9999 xx 000 0 und d | ||
| 245 | _aMoney Awards In Contract Law: Hart Studies in Private Law | ||
| 245 | _cDavid Winterton | ||
| 260 | _c2015 | ||
| 650 | _xBUSINESS LAW: OBLIGATIONS & CONTRACTS | ||
| 856 | _uhttp://down.ebook777.com/018/MonAwaInConLaw.pdf | ||
| 999 |
_c345665 _d345665 |
||